=LDR 00000nam 2200000 4500 =001 INLIS000000000046985 =005 20200526080639 =035 ##$$a 0010-061500000000074 =008 200526################g##########0#ind## =082 ##$$a 2x4 =090 ##$$a 2x4 Qar s =100 1#$$a Qardhawi, Yusuf =245 1#$$a Syari'at islam ditantang zaman : $b Posisi dan relevansi syariat Islam di berbagai tempat dan zaman /$c Dr. Yusuph Qordhowi =260 ##$$a surabaya :$b Pustaka Progressif,$c 1993 =300 ##$$a 132 hlm ; $c 19 x 14 cm. =850 ##$$a NBPNMAT =084 ##$$a 2x4 QAR s =650 #4$$a Hukum Islam =250 ##$$a cet.2 =990 ##$$a 00090194 =990 ##$$a 00091890